00664cam a22002051 4500001001300000003000400013005001700017008004100034010001700075035001800092040002800110042001200138050001700150110006900167245009600236260004900332300002400381650003600405999001700441hew65000105 DLC20260227111514.0720310s1965 xx 000 0 eng  ahew65000105  a(OCoLC)260893 aDLCcOAkU-LdOCoLCdDLC apremarc00aHD7123b.A431 aUnited States.bAdvisory Council on Social Securityd(1963-1964)14aThe status of the social security program and recommendations for its improvement;breport. aWashington,b[U.S. Govt. Print. Off.]c1965. aix, 115 p. c24 cm. 0aSocial securityzUnited States. c34557d34557